000 00283nam a22001337a 4500
008 171201b xxu||||| |||| 00| 0 eng d
020 _a9780618907083
041 _aeng
080 _27TH
_a82
100 _a22
101 _aGJL
245 _aLITERACY
_cCOOPER,J.D
942 _2udc
_cBK
999 _c38663
_d38663